| 000 | 00509nam a2200181Ia 4500 | ||
|---|---|---|---|
| 999 |
_c1084 _d1084 |
||
| 003 | OSt | ||
| 005 | 20200925140523.0 | ||
| 008 | 190216s9999||||xx |||||||||||||| ||und|| | ||
| 040 | _coclc | ||
| 082 |
_a570 _bMAH/B |
||
| 100 |
_aMaheshwari, P _94843 |
||
| 245 | 0 |
_aBiology / _cP Maheshwari ; Manohar Lal |
|
| 250 | _a1st Ed. | ||
| 260 |
_bNational Council Of Educational Research, _c1965. _aNew Delhi: |
||
| 300 | _a100p | ||
| 650 | _aBotany | ||
| 942 |
_cBK _2ddc _h570 _iMAH/B _k570 _mMAH/B |
||